000 02654nam0a2200409 4500
001 RU\NLR\BIBL_A\010744865
005 20260407092235.0
010 _a978-5-7565-0614-3
_9100
021 _aRU
_b15-19261
035 _a(NILC)RuMoRGB-007891906
035 _a(NLR Aleph) 010744865
090 _a9919058
_c9919058
100 _a20150506d2014 |||y0rusy50 ca
101 0 _arus
102 _aRU
105 _aa|||z|||000yy
200 1 _aМетодические рекомендации к электронной речевой карте для обследования детей при ОНР третьего уровня 1-го и 2-го года обучения в условиях ДОУ компенсирующего вида
_fГос. бюджетное образовательное учреждение доп. проф. образования "Нижегородский ин-т развития образования"
_g[сост.: Н. А. Клочкова и др.
_gнауч. ред. Е.Б. Аксенова]
210 _aНижний Новгород
_cНижегородский институт развития образования
_d2014
215 _a41, [2] с.
_cил.
_d20
320 _aБиблиогр. в конце кн.( 22 назв.)
327 1 _aСодерж. электрон. речевой карты соответствует программно-метод. рекомендациям "Воспитание и обучение детей дошкольного возраста с общим недоразвитием речи"
488 0 _12001#$aВоспитание и обучение детей дошкольного возраста с общим недоразвитием речи
_tВоспитание и обучение детей дошкольного возраста с общим недоразвитием речи
606 1 _aДети с нарушением речи
_xВоспитание и обучение
_92524789
_3RU\NLR\AUTH\661495847
606 1 _aДети с нарушением речи
_xПедагогическое изучение
_92305805
_3RU\NLR\AUTH\6601606367
686 1 _aЧ437.122.1
686 1 _aЧ437.13
686 1 _aЧ437.11
702 1 _aКлочкова
_bН. А.
_4220
702 1 _aАксенова
_bЕ. Б
_4340
712 0 2 _4570
_aНижегородский институт развития образования
_3RU\NLR\AUTH\8818507
_9310242
801 0 _aRU
_bРГБ
_c20150319
_gRCR
942 _cBOOK
980 _aNBR
980 _aNB